• 首页
  • 本馆介绍
  • 公告通知
  • 最新文献
  • 馆藏检索
  • 电子资源
  • 读者导购
  • 参考咨询
  • 我的图书馆
  • 登录
  • 详细信息显示
  • 放入我的书架
  • 预约/预借图书
  • 作者相关作品
  • 分类相关作品
  • 丛书相关作品
  • 出版社相关作品

书目信息

  • 表格格式
  • 工作单格式
  • 卡片格式
题名:
容易读错写错的字
    
 
作者: 褚良 , 肖天柱 编
分册:  
出版信息: 哈尔滨   黑龙江人民出版社  1981
页数: 123页
开本: 19cm
丛书名:
单 册:
中图分类: H124.1
科图分类:
主题词: 错别字-汉字 , 汉字-错别字
电子资源:
ISBN:
000 00669nam0 2200253 45
001 0181008884
005 20060718153735.90
010    @dCNY0.31
091    @aCN@b9093.24
100    @a19950511d1981 em y0chiy0121 ea
101 0  @achi
102    @aCN@b230000
105    @ay z 000yy
200 10 @a容易读错写错的字@Arong yi du cuo xie cuo de zi@f肖天柱, 褚良编
210    @a哈尔滨@c黑龙江人民出版社@d1981
215    @a123页@d19cm
606    @a错别字-汉字
606    @a汉字-错别字
690    @aH124.1@v3
701  0 @a褚良@Achu liang@4编
701  0 @a肖天柱@Axiao tian zhu@4编
801  2 @aCN@bNLC@c20060718
801  0 @aCN@bTSSF
905    @a10447@dH124.1@e118
    
    容易读错写错的字/肖天柱, 褚良编.-哈尔滨:黑龙江人民出版社,1981
    123页;19cm
    
    
    ISBN :CNY0.31
    
●
相关链接 在E读中查询图书 在五车中查询图书 在当当中查询图书 在豆瓣中查询图书


正题名:容易读错写错的字     索取号:H124.1/118         预约/预借

序号 登录号 条形码 馆藏地/架位号 状态 备注
1 0434808   204348081   密集书库/ [索取号:H124.1/118] 在馆    
2 0434809   204348090   密集书库/ [索取号:H124.1/118] 在馆    
唐山师范学院图书馆 欢迎您!
大连网信软件有限公司© 版权所有